Online
Catalog

La garduña de Sevilla y anzuelo de las bolsas / (Record no. 16381)

MARC details
000 -CABECERA
campo de control de longitud fija 00862nam a2200253 a 4500
001 - NÚMERO DE CONTROL
campo de control 000016849
005 - FECHA Y HORA DE LA ÚLTIMA TRANSACCIÓN
campo de control 20200929164954.0
008 - DATOS DE LONGITUD FIJA--INFORMACIÓN GENERAL
campo de control de longitud fija 100310s1942 sp 000 f spa d
040 ## - FUENTE DE LA CATALOGACIÓN
Centro catalogador/agencia de origen DO-SdBNP
Lengua de catalogación spa
Centro/agencia transcriptor BNPHU
082 ## - NÚMERO DE LA CLASIFICACIÓN DECIMAL DEWEY
Número de clasificación 863.3
Número de documento/Ítem C352g, 1942
049 ## - FONDOS LOCALES (OCLC)
Fondos de biblioteca BNGR
100 1# - ENTRADA PRINCIPAL--NOMBRE DE PERSONA
Nombre de persona Castillo Solórzano, Alonso de,
Fechas asociadas al nombre 1584 -1648
9 (RLIN) 37308
245 13 - MENCIÓN DE TÍTULO
Título La garduña de Sevilla y anzuelo de las bolsas /
Mención de responsabilidad, etc. Castillo Solórzano; Edición, prólogo y notas de Federico Ruiz Morcuende.
250 ## - MENCIÓN DE EDICIÓN
Mención de edición 2a ed.
260 ## - PUBLICACIÓN, DISTRIBUCIÓN, ETC.
Lugar de publicación, distribución, etc. Madrid :
Nombre del editor, distribuidor, etc. Espasa-Calpe,
Fecha de publicación, distribución, etc. 1942.
300 ## - DESCRIPCIÓN FÍSICA
Extensión 253 p. ;
Dimensiones 18 cm.
490 1# - MENCIÓN DE SERIE
Mención de serie Clásicos castellanos
Designación de volumen o secuencia 42
500 ## - NOTA GENERAL
Nota general Incluye notas al pie de las páginas.
650 #4 - PUNTO DE ACCESO ADICIONAL DE MATERIA--TÉRMINO DE MATERIA
Término de materia o nombre geográfico como elemento de entrada Novela española
9 (RLIN) 1123
650 #4 - PUNTO DE ACCESO ADICIONAL DE MATERIA--TÉRMINO DE MATERIA
Término de materia o nombre geográfico como elemento de entrada Literatura española
9 (RLIN) 632
700 1# - PUNTO DE ACCESO ADICIONAL--NOMBRE DE PERSONA
Nombre de persona Ruiz Morcuende, Federico,
Títulos y otros términos asociados al nombre ed.
9 (RLIN) 37309
830 #0 - PUNTO DE ACCESO ADICIONAL DE SERIE-TÍTULO UNIFORME
Título uniforme Clásicos castellanos
Designación de volumen o secuencia 42
9 (RLIN) 4180
910 ## - DATOS DE OPCIÓN DEL USUARIO (OCLC)
Datos de opción del usuario WM
Holdings
Estado de retiro Estado de pérdida Restricciones de uso No para préstamo Código de colección Localización permanente Ubicación/localización actual Ubicación en estantería Fecha de adquisición Número de inventario Total de préstamos Signatura topográfica completa Código de barras Fecha visto por última vez Precio válido a partir de Tipo de ítem Koha
        Monografías: Libros y Folletos General General Depósito 10.03.2010 LF1   863.3 C352g, 1942 16849-10 25.06.2020 25.06.2020 Préstamo en sala

Powered by Koha